000
00328nam a2200121Ia 4500
008
180117s9999 xx 000 0 und d
100
_a
by Zac Sarian
245
_a
Agri-Talk
260
_c
2017
300
_a
25 pages, 2017 March 19
440
_a
Philippine Panorama
650
_a
CANADA AS MARKET FOR LOCOL FRUITS AND DELICACIES
999
_c
353616
_d
353616